[Event "DVM U14 2024"]
[Site "Heidelberg GER"]
[Date "2024.12.30"]
[Round "7"]
[White "Zielke, Constantin"]
[Black "Glavev, Danail"]
[Result "0-1"]
[Termination "normal"]
[Board "7.2"]
[WhiteElo "1543"]
[BlackElo "1690"]
[WhiteClock "00:35:29"]
[BlackClock "00:19:44"]
[WhiteTeam "SG Turm Leipzig"]
[BlackTeam "SK Bad Homburg 1927"]
[PlyCount "58"]
[WhiteFideId "34640576"]
[BlackFideId "34610995"]
[EventCountry "GER"]
[EventRounds "7"]
[EventType "team-swiss"]
[EventDate "2024.12.26"]

1. e4 {[%clk 01:30:57]} {[%emt 00:00:03]} e5 {[%clk 01:30:59]} {[%emt
00:00:01]} 2. Nf3 {[%clk 01:31:18]} {[%emt 00:00:09]} Nc6 {[%clk 01:31:25]}
{[%emt 00:00:04]} 3. Bc4 {[%clk 01:31:44]} {[%emt 00:00:04]} Nf6 {[%clk
01:31:47]} {[%emt 00:00:08]} 4. d3 {[%clk 01:31:29]} {[%emt 00:00:45]} h6
{[%clk 01:31:29]} {[%emt 00:00:48]} 5. Be3 {[%clk 01:31:47]} {[%emt 00:00:12]}
d5 {[%clk 01:24:13]} {[%emt 00:07:47]} 6. exd5 {[%clk 01:31:01]} Nxd5 {[%clk
01:24:41]} {[%emt 00:01:18]} 7. c3 {[%clk 01:29:13]} Nb6 {[%clk 01:18:23]}
{[%emt 00:09:07]} 8. Bb5 {[%clk 01:28:35]} Bd6 {[%clk 01:11:49]} {[%emt
00:08:12]} 9. Bxc6+ {[%clk 01:26:36]} bxc6 {[%clk 01:12:16]} {[%emt 00:02:32]}
10. Qd2 {[%clk 01:26:21]} Nd5 {[%clk 01:10:20]} {[%emt 00:03:10]} 11. h3 {[%emt
00:04:12]} Nxe3 {[%clk 01:08:57]} {[%emt 00:01:23]} 12. fxe3 {[%clk 01:20:09]}
O-O {[%emt 00:09:06]} 13. e4 {[%clk 01:16:53]} f5 {[%clk 00:50:38]} {[%emt
00:17:29]} 14. O-O {[%clk 01:10:37]} {[%emt 00:06:45]} fxe4 {[%clk 00:43:19]}
{[%emt 00:07:50]} 15. dxe4 {[%clk 01:07:56]} {[%emt 00:03:11]} Ba6 {[%clk
00:34:27]} {[%emt 00:09:22]} 16. Rd1 {[%clk 01:04:09]} {[%emt 00:04:17]} Qd7
{[%clk 00:27:05]} {[%emt 00:07:53]} 17. Qc2 {[%clk 00:54:38]} {[%emt 00:09:59]}
Rxf3 {[%clk 00:17:35]} {[%emt 00:10:01]} 18. gxf3 {[%clk 00:53:45]} {[%emt
00:01:23]} Qxh3 {[%clk 00:17:21]} {[%emt 00:00:44]} 19. Qf2 {[%clk 00:43:58]}
{[%emt 00:10:17]} Bc5 {[%clk 00:17:34]} {[%emt 00:00:17]} 20. Qxc5 {[%clk
00:44:15]} {[%emt 00:00:13]} Qg3+ {[%clk 00:17:59]} {[%emt 00:00:05]} 21. Kh1
{[%clk 00:44:29]} {[%emt 00:00:16]} Qxf3+ {[%clk 00:18:24]} {[%emt 00:00:06]}
22. Kh2 {[%clk 00:44:49]} {[%emt 00:00:09]} Qxd1 {[%clk 00:18:48]} {[%emt
00:00:07]} 23. Qg1 {[%clk 00:35:28]} {[%emt 00:09:50]} Qh5+ {[%clk 00:18:24]}
{[%emt 00:00:54]} 24. Kg2 {[%clk 00:35:28]} {[%emt 00:00:31]} Qg4+ {[%clk
00:18:44]} {[%emt 00:00:10]} 25. Kh2 {[%clk 00:35:32]} {[%emt 00:00:25]} Qh4+
{[%clk 00:19:06]} {[%emt 00:00:08]} 26. Kg2 {[%clk 00:35:52]} {[%emt 00:00:10]}
Qxe4+ {[%clk 00:19:31]} {[%emt 00:00:05]} 27. Kh3 {[%clk 00:35:59]} {[%emt
00:00:22]} Rd8 {[%clk 00:19:01]} {[%emt 00:01:00]} 28. Na3 {[%clk 00:35:20]}
{[%emt 00:01:09]} Rd3+ {[%clk 00:19:23]} {[%emt 00:00:08]} 29. Kh2 {[%clk
00:35:29]} {[%emt 00:00:21]} Qh4+ {[%clk 00:19:44]} {[%emt 00:00:08]} 0-1

[Event "DVM U14 2024"]
[Site "Heidelberg GER"]
[Date "2024.12.30"]
[Round "7"]
[White "Mosch, Cornelius"]
[Black "Obermair, Hannes"]
[Result "0-1"]
[Termination "normal"]
[Board "7.3"]
[WhiteElo "1405"]
[BlackElo "1653"]
[WhiteClock "00:43:05"]
[BlackClock "00:22:37"]
[WhiteTeam "SK Bad Homburg 1927"]
[BlackTeam "SG Turm Leipzig"]
[PlyCount "100"]
[WhiteFideId "34681744"]
[BlackFideId "34640509"]
[EventCountry "GER"]
[EventRounds "7"]
[EventType "team-swiss"]
[EventDate "2024.12.26"]

1. e4 {[%clk 01:30:58]} {[%emt 00:00:02]} c5 {[%clk 01:30:54]} {[%emt
00:00:06]} 2. c3 {[%clk 01:31:24]} {[%emt 00:00:03]} Nf6 {[%clk 01:31:20]}
{[%emt 00:00:05]} 3. e5 {[%clk 01:31:51]} {[%emt 00:00:03]} Nd5 {[%clk
01:31:45]} {[%emt 00:00:05]} 4. d4 {[%clk 01:32:16]} {[%emt 00:00:04]} cxd4
{[%clk 01:31:59]} {[%emt 00:00:16]} 5. cxd4 {[%clk 01:32:42]} {[%emt 00:00:04]}
Nc6 {[%clk 01:32:17]} {[%emt 00:00:12]} 6. Nc3 {[%clk 01:33:04]} {[%emt
00:00:08]} Nxc3 {[%clk 01:31:35]} {[%emt 00:01:13]} 7. bxc3 {[%clk 01:33:28]}
{[%emt 00:00:06]} d6 {[%clk 01:31:27]} {[%emt 00:00:38]} 8. exd6 {[%clk
01:33:35]} {[%emt 00:00:24]} Qxd6 {[%clk 01:26:09]} {[%emt 00:05:46]} 9. Bd3
{[%clk 01:32:54]} {[%emt 00:01:13]} g6 {[%clk 01:24:53]} {[%emt 00:01:44]} 10.
Ne2 {[%clk 01:32:10]} {[%emt 00:01:15]} Bg7 {[%clk 01:20:37]} {[%emt 00:04:45]}
11. O-O {[%clk 01:32:08]} {[%emt 00:00:33]} O-O {[%clk 01:20:08]} {[%emt
00:00:59]} 12. Re1 {[%clk 01:30:37]} {[%emt 00:02:01]} Rd8 {[%clk 01:11:21]}
{[%emt 00:09:16]} 13. Bf4 {[%clk 01:27:27]} {[%emt 00:03:41]} Qd7 {[%clk
01:01:17]} {[%emt 00:10:31]} 14. Qb3 {[%clk 01:13:16]} {[%emt 00:14:45]} b6
{[%clk 00:41:54]} {[%emt 00:19:51]} 15. Rad1 {[%clk 01:13:01]} {[%emt
00:00:46]} Bb7 {[%clk 00:39:28]} {[%emt 00:02:56]} 16. Ng3 {[%clk 00:53:00]}
{[%emt 00:20:31]} Qg4 {[%clk 00:33:12]} {[%emt 00:06:40]} 17. Bd2 {[%clk
00:36:44]} {[%emt 00:16:52]} Na5 {[%clk 00:23:17]} {[%emt 00:10:21]} 18. Qa3
{[%clk 00:35:07]} {[%emt 00:02:11]} e5 {[%clk 00:13:51]} {[%emt 00:09:55]} 19.
Be2 {[%clk 00:34:56]} {[%emt 00:00:43]} Qc8 {[%clk 00:12:41]} {[%emt 00:01:39]}
20. Be3 {[%clk 00:30:28]} {[%emt 00:04:59]} Nc4 {[%clk 00:10:49]} {[%emt
00:02:22]} 21. Qc1 {[%clk 00:30:32]} {[%emt 00:00:27]} Nxe3 {[%clk 00:10:30]}
{[%emt 00:00:49]} 22. Qxe3 {[%clk 00:30:50]} {[%emt 00:00:12]} exd4 {[%clk
00:10:29]} {[%emt 00:00:30]} 23. cxd4 {[%clk 00:31:05]} {[%emt 00:00:15]} Qd7
{[%clk 00:10:19]} {[%emt 00:00:41]} 24. Bc4 {[%clk 00:29:28]} {[%emt 00:02:07]}
Qc6 {[%clk 00:10:01]} {[%emt 00:00:45]} 25. Bf1 {[%clk 00:29:29]} {[%emt
00:00:32]} Qd5 {[%clk 00:09:06]} {[%emt 00:01:23]} 26. Qe4 {[%clk 00:20:40]}
{[%emt 00:09:20]} Qxe4 {[%clk 00:06:37]} {[%emt 00:02:59]} 27. Nxe4 {[%clk
00:21:01]} {[%emt 00:00:10]} Bxd4 {[%clk 00:06:41]} {[%emt 00:00:26]} 28. Rc1
{[%clk 00:20:49]} {[%emt 00:00:41]} Re8 {[%clk 00:05:00]} {[%emt 00:02:09]} 29.
Nd6 {[%clk 00:20:45]} {[%emt 00:00:36]} Rxe1 {[%clk 00:03:54]} {[%emt
00:01:36]} 30. Rxe1 {[%clk 00:21:09]} {[%emt 00:00:07]} Bc6 {[%clk 00:03:21]}
{[%emt 00:01:01]} 31. Bc4 {[%clk 00:21:24]} {[%emt 00:00:17]} Kg7 {[%clk
00:01:46]} {[%emt 00:02:05]} 32. Re7 {[%clk 00:20:39]} {[%emt 00:01:14]} Bc5
{[%clk 00:01:35]} {[%emt 00:00:40]} 33. Rxf7+ {[%emt 00:01:19]} Kh6 {[%clk
00:01:31]} {[%emt 00:00:33]} 34. Rf6 {[%clk 00:20:02]} {[%emt 00:00:21]} Bxd6
{[%clk 00:01:15]} {[%emt 00:00:46]} 35. Rxd6 {[%clk 00:20:23]} {[%emt
00:00:09]} Rc8 {[%clk 00:01:16]} {[%emt 00:00:29]} 36. h3 {[%clk 00:19:51]}
{[%emt 00:01:02]} Rc7 {[%clk 00:01:03]} {[%emt 00:00:43]} 37. Kh2 {[%clk
00:19:23]} {[%emt 00:00:57]} Bxg2 {[%clk 00:01:08]} {[%emt 00:00:25]} 38. Bd3
{[%clk 00:19:07]} {[%emt 00:00:47]} Bb7 {[%clk 00:01:15]} {[%emt 00:00:22]} 39.
Kg3 {[%clk 00:19:30]} {[%emt 00:00:08]} Re7 {[%clk 00:01:00]} {[%emt 00:00:46]}
40. f4 {[%clk 00:19:00]} {[%emt 00:00:59]} Be4 {[%clk 00:00:55]} {[%emt
00:00:35]} 41. Bc4 {[%clk 00:18:24]} {[%emt 00:01:06]} Bf5 {[%clk 00:29:53]}
{[%emt 00:01:32]} 42. Bf1 {[%clk 00:47:44]} {[%emt 00:01:10]} Re3+ {[%clk
00:26:38]} {[%emt 00:03:14]} 43. Kf2 {[%clk 00:47:15]} {[%emt 00:01:00]} Ra3
{[%clk 00:26:05]} {[%emt 00:01:31]} 44. Rd2 {[%clk 00:43:18]} {[%emt 00:04:29]}
Bxh3 {[%clk 00:24:19]} {[%emt 00:02:16]} 45. Bxh3 {[%clk 00:43:18]} {[%emt
00:00:28]} Rxh3 {[%clk 00:24:40]} {[%emt 00:00:12]} 46. Rd7 {[%clk 00:43:44]}
{[%emt 00:00:04]} Rh2+ {[%clk 00:25:00]} {[%emt 00:00:10]} 47. Kg3 {[%clk
00:44:05]} {[%emt 00:00:09]} Rxa2 {[%clk 00:25:11]} {[%emt 00:00:18]} 48. Kg4
{[%clk 00:44:10]} {[%emt 00:00:24]} Ra5 {[%clk 00:23:21]} {[%emt 00:02:18]} 49.
Rd6 {[%clk 00:43:51]} {[%emt 00:00:52]} Rf5 {[%clk 00:22:50]} {[%emt 00:00:59]}
50. Re6 {[%clk 00:43:05]} {[%emt 00:01:17]} Rb5 {[%clk 00:22:37]} {[%emt
00:00:42]} 0-1

[Event "DVM U14 2024"]
[Site "Heidelberg GER"]
[Date "2024.12.30"]
[Round "7"]
[White "Sosnicki, Adrian"]
[Black "Li, Xiao Teng"]
[Result "1/2-1/2"]
[Termination "normal"]
[Board "7.4"]
[WhiteElo "1259"]
[BlackElo "1661"]
[WhiteClock "00:51:23"]
[BlackClock "00:43:55"]
[WhiteTeam "SG Turm Leipzig"]
[BlackTeam "SK Bad Homburg 1927"]
[PlyCount "52"]
[WhiteFideId "34640541"]
[BlackFideId "34611053"]
[EventCountry "GER"]
[EventRounds "7"]
[EventType "team-swiss"]
[EventDate "2024.12.26"]

1. e4 {[%clk 01:30:59]} e5 {[%clk 01:30:54]} {[%emt 00:00:07]} 2. Nf3 {[%clk
01:31:24]} {[%emt 00:00:04]} Nc6 {[%clk 01:31:22]} {[%emt 00:00:03]} 3. d4
{[%clk 01:31:50]} {[%emt 00:00:04]} exd4 {[%clk 01:31:45]} {[%emt 00:00:06]} 4.
Nxd4 {[%clk 01:32:16]} {[%emt 00:00:05]} Bc5 {[%clk 01:32:09]} {[%emt
00:00:06]} 5. Nxc6 {[%clk 01:31:59]} {[%emt 00:00:46]} Qf6 {[%clk 01:32:31]}
{[%emt 00:00:09]} 6. Qf3 {[%clk 01:31:46]} {[%emt 00:00:42]} Qxf3 {[%clk
01:32:50]} {[%emt 00:00:11]} 7. gxf3 {[%clk 01:32:11]} {[%emt 00:00:05]} dxc6
{[%clk 01:32:53]} {[%emt 00:00:27]} 8. Bc4 {[%clk 01:32:29]} {[%emt 00:00:12]}
Nf6 {[%clk 01:32:25]} {[%emt 00:00:59]} 9. Rg1 {[%clk 01:32:33]} {[%emt
00:00:26]} Rg8 {[%clk 01:29:56]} {[%emt 00:02:59]} 10. Be3 {[%clk 01:32:47]}
{[%emt 00:00:16]} Bxe3 {[%clk 01:25:45]} {[%emt 00:04:40]} 11. fxe3 {[%clk
01:33:10]} {[%emt 00:00:07]} Be6 {[%clk 01:25:46]} {[%emt 00:00:29]} 12. Bxe6
{[%clk 01:31:38]} {[%emt 00:02:02]} fxe6 {[%clk 01:26:08]} {[%emt 00:00:08]}
13. Nd2 {[%clk 01:31:52]} {[%emt 00:00:17]} O-O-O {[%clk 01:26:23]} {[%emt
00:00:15]} 14. O-O-O {[%clk 01:32:14]} {[%emt 00:00:08]} g6 {[%clk 01:25:23]}
{[%emt 00:01:30]} 15. Nc4 {[%clk 01:30:45]} {[%emt 00:01:58]} Rxd1+ {[%clk
01:24:15]} {[%emt 00:01:38]} 16. Rxd1 {[%clk 01:31:07]} {[%emt 00:00:09]} Nd7
{[%clk 01:22:43]} {[%emt 00:02:02]} 17. b4 {[%clk 01:29:06]} {[%emt 00:02:31]}
Rf8 {[%clk 01:22:06]} {[%emt 00:01:07]} 18. Rf1 {[%clk 01:26:20]} {[%emt
00:03:17]} Nf6 {[%clk 01:20:40]} {[%emt 00:01:55]} 19. Nd2 {[%clk 01:22:23]}
{[%emt 00:04:27]} b5 {[%clk 01:16:45]} {[%emt 00:04:25]} 20. c4 {[%emt
00:15:08]} bxc4 {[%clk 01:03:29]} {[%emt 00:04:26]} 21. Kc2 {[%clk 01:12:02]}
{[%emt 00:05:35]} Kb7 {[%clk 01:00:14]} {[%emt 00:03:45]} 22. a4 {[%clk
01:00:44]} {[%emt 00:11:47]} Nd7 {[%clk 00:55:46]} {[%emt 00:04:58]} 23. Nxc4
{[%clk 00:58:35]} {[%emt 00:02:39]} c5 {[%clk 00:51:59]} {[%emt 00:04:17]} 24.
b5 {[%clk 00:54:25]} {[%emt 00:04:40]} Nb6 {[%clk 00:45:30]} {[%emt 00:06:59]}
25. Kb3 {[%clk 00:52:02]} {[%emt 00:02:53]} Rd8 {[%clk 00:43:55]} {[%emt
00:02:05]} 26. Nxb6 {[%clk 00:51:23]} {[%emt 00:01:09]} cxb6 {[%emt 00:03:47]}
1/2-1/2

[Event "DVM U14 2024"]
[Site "Heidelberg GER"]
[Date "2024.12.30"]
[Round "7"]
[White "Kaplan, Arne"]
[Black "Meijers, Janis"]
[Result "0-1"]
[Termination "normal"]
[Board "8.1"]
[WhiteElo "1710"]
[BlackElo "1783"]
[WhiteClock "00:37:36"]
[BlackClock "00:49:54"]
[WhiteTeam "Barnimer SF im SV Stahl Finow"]
[BlackTeam "SG Solingen"]
[PlyCount "46"]
[WhiteFideId "34625194"]
[BlackFideId "34143289"]
[EventCountry "GER"]
[EventRounds "7"]
[EventType "team-swiss"]
[EventDate "2024.12.26"]

1. e4 {[%clk 01:30:57]} {[%emt 00:00:02]} c6 {[%clk 01:30:57]} {[%emt
00:00:04]} 2. d4 {[%clk 01:31:18]} {[%emt 00:00:08]} d5 {[%clk 01:31:24]}
{[%emt 00:00:04]} 3. Nc3 {[%clk 01:31:37]} {[%emt 00:00:11]} dxe4 {[%clk
01:31:50]} {[%emt 00:00:04]} 4. Nxe4 {[%clk 01:31:57]} {[%emt 00:00:09]} Nf6
{[%clk 01:32:18]} {[%emt 00:00:03]} 5. Nxf6+ {[%clk 01:32:17]} {[%emt
00:00:10]} exf6 {[%clk 01:32:45]} {[%emt 00:00:03]} 6. c3 {[%clk 01:32:36]}
{[%emt 00:00:12]} Bd6 {[%clk 01:33:11]} {[%emt 00:00:05]} 7. Bd3 {[%clk
01:32:57]} {[%emt 00:00:08]} O-O {[%clk 01:33:32]} {[%emt 00:00:09]} 8. Qc2
{[%clk 01:33:20]} {[%emt 00:00:07]} Re8+ {[%clk 01:33:57]} {[%emt 00:00:05]} 9.
Ne2 {[%clk 01:33:41]} {[%emt 00:00:08]} h5 {[%clk 01:34:15]} {[%emt 00:00:12]}
10. O-O {[%clk 01:34:04]} {[%emt 00:00:08]} h4 {[%clk 01:33:37]} {[%emt
00:01:09]} 11. Nf4 {[%clk 01:34:26]} {[%emt 00:00:07]} Qc7 {[%clk 01:22:34]}
{[%emt 00:11:33]} 12. g3 {[%clk 01:34:46]} {[%emt 00:00:09]} Bg4 {[%clk
01:18:22]} {[%emt 00:04:43]} 13. f3 {[%clk 01:16:37]} {[%emt 00:18:39]} Be6
{[%clk 01:11:30]} {[%emt 00:07:23]} 14. Nh5 {[%clk 01:14:08]} {[%emt 00:02:58]}
Bh3 {[%clk 01:09:45]} {[%emt 00:02:16]} 15. Bh6 {[%clk 01:08:43]} {[%emt
00:05:54]} Bf8 {[%clk 01:01:11]} {[%emt 00:09:03]} 16. Bf4 {[%clk 01:02:04]}
{[%emt 00:07:10]} Qa5 {[%clk 01:01:00]} {[%emt 00:00:42]} 17. g4 {[%clk
00:56:32]} {[%emt 00:06:00]} Bxf1 {[%clk 01:01:02]} {[%emt 00:00:30]} 18. Kxf1
{[%clk 00:55:14]} {[%emt 00:01:48]} Nd7 {[%clk 01:00:36]} {[%emt 00:00:55]} 19.
Bc4 {[%clk 00:55:17]} {[%emt 00:00:27]} b5 {[%clk 00:56:38]} {[%emt 00:04:29]}
20. b4 {[%clk 00:51:05]} {[%emt 00:04:41]} Qd8 {[%clk 00:53:29]} {[%emt
00:03:40]} 21. Bb3 {[%clk 00:49:32]} {[%emt 00:02:03]} Nb6 {[%clk 00:52:39]}
{[%emt 00:01:19]} 22. Qf5 {[%clk 00:39:19]} {[%emt 00:10:43]} Nd5 {[%clk
00:51:01]} {[%emt 00:02:08]} 23. Bxd5 {[%clk 00:37:36]} {[%emt 00:02:13]} cxd5
{[%clk 00:49:54]} {[%emt 00:01:37]} 0-1

[Event "DVM U14 2024"]
[Site "Heidelberg GER"]
[Date "2024.12.30"]
[Round "7"]
[White "Kovalyov, Dima"]
[Black "Madel, Luca"]
[Result "1/2-1/2"]
[Termination "normal"]
[Board "8.2"]
[WhiteElo "1829"]
[BlackElo "1657"]
[WhiteClock "01:06:05"]
[BlackClock "00:54:38"]
[WhiteTeam "SG Solingen"]
[BlackTeam "Barnimer SF im SV Stahl Finow"]
[PlyCount "59"]
[WhiteFideId "34631631"]
[BlackFideId "16296516"]
[EventCountry "GER"]
[EventRounds "7"]
[EventType "team-swiss"]
[EventDate "2024.12.26"]

1. d4 {[%clk 01:30:51]} {[%emt 00:00:04]} d5 {[%clk 01:30:52]} {[%emt
00:00:08]} 2. Nf3 {[%clk 01:30:49]} {[%emt 00:00:32]} Nf6 {[%clk 01:31:06]}
{[%emt 00:00:16]} 3. c4 {[%clk 01:31:15]} {[%emt 00:00:04]} e6 {[%clk
01:31:25]} {[%emt 00:00:10]} 4. g3 {[%clk 01:31:43]} {[%emt 00:00:03]} c6
{[%clk 01:31:31]} {[%emt 00:00:25]} 5. Bg2 {[%clk 01:32:01]} {[%emt 00:00:11]}
Be7 {[%clk 01:31:10]} {[%emt 00:00:50]} 6. O-O {[%clk 01:32:24]} {[%emt
00:00:08]} O-O {[%clk 01:30:40]} {[%emt 00:01:00]} 7. Nc3 {[%clk 01:32:37]}
{[%emt 00:00:17]} Nbd7 {[%clk 01:30:28]} {[%emt 00:00:42]} 8. Nd2 {[%clk
01:31:35]} {[%emt 00:01:33]} b6 {[%clk 01:30:04]} {[%emt 00:00:54]} 9. e4
{[%clk 01:31:41]} {[%emt 00:00:23]} dxe4 {[%clk 01:28:40]} {[%emt 00:01:54]}
10. Ndxe4 {[%clk 01:31:26]} {[%emt 00:00:45]} Bb7 {[%clk 01:28:37]} {[%emt
00:00:32]} 11. Re1 {[%clk 01:30:27]} {[%emt 00:01:29]} Nxe4 {[%clk 01:25:15]}
{[%emt 00:03:52]} 12. Nxe4 {[%clk 01:30:24]} {[%emt 00:00:33]} Nf6 {[%clk
01:25:22]} {[%emt 00:00:24]} 13. b3 {[%clk 01:28:50]} {[%emt 00:02:05]} Qc8
{[%clk 01:19:08]} {[%emt 00:06:42]} 14. Qc2 {[%clk 01:27:54]} {[%emt 00:01:27]}
Rd8 {[%clk 01:19:07]} {[%emt 00:00:31]} 15. Bg5 {[%clk 01:24:03]} {[%emt
00:04:21]} Rxd4 {[%clk 01:17:25]} {[%emt 00:02:12]} 16. Bxf6 {[%clk 01:23:57]}
{[%emt 00:00:36]} Bxf6 {[%clk 01:15:58]} {[%emt 00:01:56]} 17. Nxf6+ {[%clk
01:24:04]} {[%emt 00:00:24]} gxf6 {[%clk 01:16:19]} {[%emt 00:00:08]} 18. Re4
{[%clk 01:20:03]} {[%emt 00:04:32]} Rxe4 {[%clk 01:15:20]} {[%emt 00:01:30]}
19. Qxe4 {[%clk 01:20:28]} {[%emt 00:00:05]} Qd8 {[%clk 01:14:39]} {[%emt
00:01:10]} 20. Qg4+ {[%clk 01:20:44]} {[%emt 00:00:14]} Kh8 {[%clk 01:14:39]}
{[%emt 00:00:30]} 21. Rd1 {[%clk 01:21:03]} {[%emt 00:00:12]} Qe7 {[%clk
01:14:50]} {[%emt 00:00:18]} 22. Qh5 {[%clk 01:17:11]} {[%emt 00:04:21]} c5
{[%clk 01:12:39]} {[%emt 00:02:42]} 23. Bxb7 {[%clk 01:15:19]} {[%emt
00:02:22]} Qxb7 {[%clk 01:13:00]} {[%emt 00:00:10]} 24. Qh6 {[%clk 01:15:15]}
{[%emt 00:00:32]} Qe7 {[%clk 01:12:16]} {[%emt 00:01:14]} 25. Re1 {[%clk
01:14:22]} {[%emt 00:01:24]} f5 {[%clk 01:11:22]} {[%emt 00:01:24]} 26. Qf4
{[%clk 01:14:39]} {[%emt 00:00:13]} Qd7 {[%clk 01:09:45]} {[%emt 00:02:05]} 27.
Qh4 {[%clk 01:11:14]} {[%emt 00:03:58]} Rd8 {[%clk 01:05:35]} {[%emt 00:04:39]}
28. Qf6+ {[%clk 01:09:38]} {[%emt 00:02:07]} Kg8 {[%clk 01:04:17]} {[%emt
00:01:49]} 29. h4 {[%clk 01:07:47]} {[%emt 00:02:20]} Qd4 {[%clk 00:54:38]}
{[%emt 00:10:09]} 30. Qg5+ {[%clk 01:06:05]} {[%emt 00:02:13]} 1/2-1/2

[Event "DVM U14 2024"]
[Site "Heidelberg GER"]
[Date "2024.12.30"]
[Round "7"]
[White "Spielvogel, Oliver"]
[Black "Meijers, Jaroslav"]
[Result "0-1"]
[Termination "normal"]
[Board "8.3"]
[WhiteElo "1543"]
[BlackElo "1663"]
[WhiteClock "01:04:24"]
[BlackClock "00:19:51"]
[WhiteTeam "Barnimer SF im SV Stahl Finow"]
[BlackTeam "SG Solingen"]
[PlyCount "80"]
[WhiteFideId "16296494"]
[BlackFideId "34143297"]
[EventCountry "GER"]
[EventRounds "7"]
[EventType "team-swiss"]
[EventDate "2024.12.26"]

1. d4 {[%clk 01:30:57]} {[%emt 00:00:03]} d5 {[%clk 01:30:42]} {[%emt
00:00:19]} 2. Nf3 {[%clk 01:31:12]} {[%emt 00:00:14]} Nf6 {[%clk 01:30:38]}
{[%emt 00:00:34]} 3. e3 {[%clk 01:31:37]} {[%emt 00:00:05]} e6 {[%clk
01:29:35]} {[%emt 00:01:33]} 4. b3 {[%clk 01:31:19]} {[%emt 00:00:49]} Be7
{[%clk 01:24:50]} {[%emt 00:05:14]} 5. Bb2 {[%clk 01:31:30]} {[%emt 00:00:18]}
O-O {[%clk 01:23:03]} {[%emt 00:02:19]} 6. Bd3 {[%clk 01:31:43]} {[%emt
00:00:16]} b6 {[%clk 01:14:41]} {[%emt 00:08:53]} 7. O-O {[%clk 01:30:56]}
{[%emt 00:01:15]} c5 {[%clk 01:13:19]} {[%emt 00:01:54]} 8. Nbd2 {[%clk
01:30:30]} {[%emt 00:00:53]} Nc6 {[%clk 01:10:14]} {[%emt 00:03:38]} 9. a3
{[%clk 01:30:20]} {[%emt 00:00:40]} Bb7 {[%clk 01:04:49]} {[%emt 00:05:56]} 10.
Ne5 {[%clk 01:30:30]} {[%emt 00:00:20]} Nxe5 {[%clk 00:55:31]} {[%emt
00:09:48]} 11. dxe5 {[%clk 01:30:39]} {[%emt 00:00:20]} Nd7 {[%clk 00:55:53]}
{[%emt 00:00:09]} 12. f4 {[%clk 01:29:40]} {[%emt 00:01:27]} f6 {[%clk
00:55:31]} {[%emt 00:00:54]} 13. Nf3 {[%clk 01:29:38]} {[%emt 00:00:31]} fxe5
{[%clk 00:55:22]} {[%emt 00:00:40]} 14. Nxe5 {[%clk 01:29:31]} {[%emt
00:00:38]} Nxe5 {[%clk 00:50:32]} {[%emt 00:05:19]} 15. Bxe5 {[%clk 01:29:44]}
{[%emt 00:00:16]} Bf6 {[%clk 00:50:53]} {[%emt 00:00:10]} 16. Qh5 {[%clk
01:23:08]} {[%emt 00:07:03]} h6 {[%clk 00:46:19]} {[%emt 00:05:08]} 17. Qg6
{[%clk 01:20:04]} {[%emt 00:03:32]} Rf7 {[%clk 00:43:35]} {[%emt 00:03:15]} 18.
Qh7+ {[%clk 01:16:57]} {[%emt 00:03:36]} Kf8 {[%clk 00:39:12]} {[%emt
00:04:53]} 19. Bg6 {[%clk 01:11:21]} {[%emt 00:06:07]} Rd7 {[%clk 00:39:09]}
{[%emt 00:00:33]} 20. Qh8+ {[%clk 01:10:55]} {[%emt 00:00:56]} Ke7 {[%clk
00:39:33]} {[%emt 00:00:07]} 21. Bxf6+ {[%clk 01:10:34]} {[%emt 00:00:50]} Kxf6
{[%clk 00:36:50]} {[%emt 00:03:13]} 22. Qh7 {[%clk 01:09:40]} {[%emt 00:01:17]}
Qh8 {[%clk 00:36:45]} {[%emt 00:00:42]} 23. Qxh8 {[%clk 01:10:00]} {[%emt
00:00:10]} Rxh8 {[%clk 00:37:11]} {[%emt 00:00:05]} 24. f5 {[%clk 01:10:21]}
{[%emt 00:00:09]} e5 {[%clk 00:36:15]} {[%emt 00:01:26]} 25. Rad1 {[%clk
01:10:10]} {[%emt 00:00:35]} d4 {[%clk 00:34:11]} {[%emt 00:02:39]} 26. exd4
{[%clk 01:10:09]} {[%emt 00:00:30]} cxd4 {[%clk 00:34:09]} {[%emt 00:00:33]}
27. Rd2 {[%clk 01:08:39]} {[%emt 00:01:58]} Rhd8 {[%clk 00:33:08]} {[%emt
00:01:32]} 28. Bh5 {[%clk 01:05:04]} {[%emt 00:04:05]} e4 {[%clk 00:32:20]}
{[%emt 00:01:18]} 29. h3 {[%clk 01:03:33]} {[%emt 00:02:00]} e3 {[%clk
00:30:58]} {[%emt 00:01:53]} 30. Rdd1 {[%clk 01:03:45]} {[%emt 00:00:18]} Be4
{[%clk 00:23:01]} {[%emt 00:08:27]} 31. Be2 {[%clk 01:03:27]} {[%emt 00:00:47]}
Bxc2 {[%clk 00:19:30]} {[%emt 00:04:01]} 32. Rc1 {[%clk 01:03:48]} {[%emt
00:00:10]} d3 {[%clk 00:19:30]} {[%emt 00:00:30]} 33. Bf3 {[%clk 01:03:35]}
{[%emt 00:00:40]} e2 {[%clk 00:18:18]} {[%emt 00:01:44]} 34. Bxe2 {[%clk
01:03:34]} {[%emt 00:00:31]} dxe2 {[%clk 00:18:43]} {[%emt 00:00:05]} 35. Rfe1
{[%clk 01:03:41]} {[%emt 00:00:22]} Rd1 {[%clk 00:17:43]} {[%emt 00:01:30]} 36.
Kf2 {[%clk 01:03:18]} {[%emt 00:00:53]} Rxc1 {[%clk 00:18:07]} {[%emt
00:00:07]} 37. Rxc1 {[%clk 01:03:39]} {[%emt 00:00:08]} Rd1 {[%clk 00:18:36]}
{[%emt 00:00:02]} 38. Kxe2 {[%clk 01:03:55]} {[%emt 00:00:14]} Rxc1 {[%clk
00:19:01]} {[%emt 00:00:05]} 39. Kd2 {[%clk 01:04:01]} {[%emt 00:00:24]} Rg1
{[%clk 00:19:23]} {[%emt 00:00:08]} 40. Kxc2 {[%clk 01:04:24]} {[%emt
00:00:07]} Rxg2+ {[%clk 00:19:51]} {[%emt 00:00:02]} 0-1